Mô hình sắp xếp nơi ở của người cao tuổi hiện nay và những yếu tố ảnh hưởng /

Bewaard in:
Bibliografische gegevens
Hoofdauteur: Trần Thị Minh Thi.
Formaat: Artikel
Taal:Vietnamese
Onderwerpen:
Tags: Voeg label toe
Geen labels, Wees de eerste die dit record labelt!
Thư viện lưu trữ: Thư viện Trường Đại học Đà Lạt
LEADER 00860nam a2200265 4500
001 DLU170180603
005 ##20170824
040 # # |a DLU  |b vie 
041 # # |a vie 
044 # # |a vn 
100 # # |a Trần Thị Minh Thi. 
245 # # |a Mô hình sắp xếp nơi ở của người cao tuổi hiện nay và những yếu tố ảnh hưởng /  |c Trần Thị Minh Thi. 
653 # # |a Chăm sóc người cao tuổi 
653 # # |a Mô hình sống 
653 # # |a Người cao tuổi  
653 # # |a Sắp xếp nơi ở 
773 # # |t Nghiên cứu gia đình và giới  |g Số 5, 2016, tr. 25-41 
920 # # |a Phòng Tạp chí -- Trung tâm Thông tin - Thư viện Trường Đại học Đà Lạt 
900 # # |a True 
911 # # |a Nguyễn Thị Thu Phương 
925 # # |a G 
926 # # |a A 
927 # # |a BB 
980 # # |a Thư viện Trường Đại học Đà Lạt